| 000 | 00449nam a2200169 4500 | ||
|---|---|---|---|
| 001 | 19060 | ||
| 005 | 20230410101834.0 | ||
| 008 | 060907n1989 dr spa | ||
| 035 | _9funglode19210 | ||
| 041 | _aES | ||
| 050 | 1 | 4 | _a118 BT 602 L333s 1989 |
| 100 | _aLarrañaga, Ignacio | ||
| 245 | 1 | 3 |
_aEl silencio de María / _cIgnacio Larrañaga |
| 260 |
_aSanto Domingo : _bSusaeta Ediciones, _c1989 |
||
| 300 | _a252 p. | ||
| 942 |
_2lcc _cbk |
||
| 999 |
_c14846 _d14846 |
||